Fathers and sons

Bibliographic Details
Main Author: Turgenev,Ivan S
Format: Book
Published: Great Britain : Wordsworth classics , 2006
Subjects:

MARC

LEADER 00000cam a2200000 7i4500
001 0000008915
005 20070920.0
008 070920
020 |a 1853262862 
090 0 0 |a TUR   |b ENG 
100 1 |a Turgenev,Ivan S 
245 1 0 |a Fathers and sons   |c Ivan S Turgenev 
260 |a Great Britain :   |b Wordsworth classics ,   |c 2006 
650 0 |a English fiction 
999 |a 0000993989   |b Book   |c Adult Collection   |e Perbadanan Perpustakaan Awam Johor 
999 |a 0000993990   |b Book   |c Adult Collection   |e Perbadanan Perpustakaan Awam Johor